<?xml version="1.0" encoding="UTF-8"?>
<record
    xmlns:xsi="http://www.w3.org/2001/XMLSchema-instance"
    xsi:schemaLocation="http://www.loc.gov/MARC21/slim http://www.loc.gov/standards/marcxml/schema/MARC21slim.xsd"
    xmlns="http://www.loc.gov/MARC21/slim">

  <leader>02268    a2200229   4500</leader>
  <controlfield tag="001">34878</controlfield>
  <controlfield tag="005">20260407155634.0</controlfield>
  <controlfield tag="008">260407a1980    arg                 spa d</controlfield>
  <controlfield tag="003">AR-UNSa-BCEJYS</controlfield>
  <datafield tag="040" ind1=" " ind2=" ">
    <subfield code="a">AR-UNSa-BCEJYS</subfield>
    <subfield code="b">spa</subfield>
    <subfield code="c">AR-UNSa-BCEJYS</subfield>
  </datafield>
  <datafield tag="080" ind1=" " ind2=" ">
    <subfield code="a">658.16</subfield>
    <subfield code="x">Reorganizaci&#xF3;n financiera (Proyectos de inversi&#xF3;n)</subfield>
  </datafield>
  <datafield tag="245" ind1="1" ind2="0">
    <subfield code="a">El subsistema de inversi&#xF3;n y financiaci&#xF3;n de la empresa</subfield>
    <subfield code="p">problemas y fundamentos te&#xF3;ricos</subfield>
  </datafield>
  <datafield tag="020" ind1=" " ind2=" ">
    <subfield code="a">84-368-0154-7</subfield>
  </datafield>
  <datafield tag="264" ind1=" " ind2="1">
    <subfield code="a">Madrid :</subfield>
    <subfield code="b">Ediciones Pir&#xE1;mide</subfield>
    <subfield code="c">1980</subfield>
  </datafield>
  <datafield tag="300" ind1=" " ind2=" ">
    <subfield code="a">506 p</subfield>
    <subfield code="c">23 cm.</subfield>
  </datafield>
  <datafield tag="505" ind1=" " ind2=" ">
    <subfield code="a">Parte I: La evaluaci&#xF3;n, comparaci&#xF3;n y selecci&#xF3;n de proyectos de inversi&#xF3;n : 1. La evaluaci&#xF3;n de proyectos de inversi&#xF3;n mediante criterios cl&#xE1;sicos - 2. La dterminaci&#xF3;n de variables - 3. La inconistencia del criterio del tango interno de rendimiento - 4. La comparaci&#xF3;n de proyectos de inversi&#xF3;n mutuamente excluyentes - 5. La programaci&#xF3;n de proyectos de inversi&#xF3;n(capital budgeting) - 6. Aplicaci&#xF3;n de t&#xE9;cnicas multicriterios a la evaluaci&#xF3;n, comparaci&#xF3;n y selecci&#xF3;n de proyectos de inversi&#xF3;n - 7. La previsi&#xF3;n de los flujos netos de caja - Parte II: Universo aleatorio: 8. Diferentes formas de introducir el riesgo en los criterios cl&#xE1;sicos de evaluaci&#xF3;n de inversiones - 9. Estudio de la sensibilidad en los criterios de evaluaci&#xF3;n de proyectos de inversi&#xF3;n - 10. La distribuci&#xF3;n probabilistica del valor y del tanto interno de rendimiento - 11. El an&#xE1;lisis bayesiano y la teor&#xED;a de la utilidad - 12. Las desiciones secuenciales de inversi&#xF3;n - 13. La simulaci&#xF3;n de montecarlo - Parte III: La financiaci&#xF3;n de la empresa: 14. El an&#xE1;lisis financiero - 15. La financiaci&#xF3;n interna - 16. La bolsa de valores - 17. Aspectos particulares de la financiaci&#xF3;n mediante obligaciones - 18. El efecto palanca(leverage) - 19. El riesgo financiero - 20. El coste de las distintas fuentes financieras. El coste medio ponderado de capital para un riesgo econ&#xF3;mico- financiero constante - 21. La estructura financiera &#xF3;ptima - 22. La tasa de retorno requerida - 23. La inversi&#xF3;n financiera: Las carteras de valores.</subfield>
  </datafield>
  <datafield tag="942" ind1=" " ind2=" ">
    <subfield code="c">BK</subfield>
  </datafield>
  <datafield tag="590" ind1=" " ind2=" ">
    <subfield code="a">niveau_biblio:m niveau_hierar:0</subfield>
  </datafield>
  <datafield tag="100" ind1="1" ind2=" ">
    <subfield code="a">Dominguez Machuca, Jos&#xE9; Antonio</subfield>
  </datafield>
  <datafield tag="700" ind1="1" ind2=" ">
    <subfield code="a">Durb&#xE1;n Oliva, S.</subfield>
  </datafield>
  <datafield tag="700" ind1="1" ind2=" ">
    <subfield code="a">Mart&#xED;n Armario, E.</subfield>
  </datafield>
  <datafield tag="999" ind1=" " ind2=" ">
    <subfield code="c">2499</subfield>
    <subfield code="d">2499</subfield>
  </datafield>
  <datafield tag="952" ind1=" " ind2=" ">
    <subfield code="0">0</subfield>
    <subfield code="1">0</subfield>
    <subfield code="4">0</subfield>
    <subfield code="7">0</subfield>
    <subfield code="a">BCEJYS</subfield>
    <subfield code="b">BCEJYS</subfield>
    <subfield code="c">16</subfield>
    <subfield code="d">2026-04-07</subfield>
    <subfield code="l">0</subfield>
    <subfield code="o">658.16 D671</subfield>
    <subfield code="p">L39726</subfield>
    <subfield code="r">2026-04-07 15:56:34</subfield>
    <subfield code="w">2026-04-07</subfield>
    <subfield code="y">L</subfield>
  </datafield>
  <datafield tag="952" ind1=" " ind2=" ">
    <subfield code="0">0</subfield>
    <subfield code="1">0</subfield>
    <subfield code="4">0</subfield>
    <subfield code="7">0</subfield>
    <subfield code="a">BCEJYS</subfield>
    <subfield code="b">BCEJYS</subfield>
    <subfield code="c">16</subfield>
    <subfield code="d">2026-04-07</subfield>
    <subfield code="l">0</subfield>
    <subfield code="o">658.16 D671</subfield>
    <subfield code="p">L39725</subfield>
    <subfield code="r">2026-04-07 15:56:34</subfield>
    <subfield code="w">2026-04-07</subfield>
    <subfield code="y">L</subfield>
  </datafield>
</record>
